00982nam a2200253 a 450000100100000000500170001000800410002704000250006804100390009308200180013210000190015024000290016924501860019826000550038430000210043949000540046053400390051465000140055365000310056765000230059865000180062170000340063983000550067300002192520200930011515.0100914s1968 sp 000 0 spa d aDO-SdBNPbspacBNPHU17aspahger2Código de idiomas MARC a321.14bS355d1 aSchmitt, Carl.10aDie diktatur.lEspañol13aLa dictadura :bdesde los comienzos del pensamiento moderno de la soberanía hasta la lucha de clases proletaria /cCarl Schmitt ; traducción del alemán José Díaz García. aMadrid, (España) :bRevista de Occidente,c1968. a264 p. ;c18 cm.1 aBiblioteca de Política y Sociología. Minorv3 aVersión original :tDie diktatur 4aDictadura 4aDictadura del proletariado 4aFormas de gobierno 4aTotalitarismo1 aDíaz García, José,etr. 0aBiblioteca de Política y Sociología.pMinorv3